| 000 | 00574nam a22001337a 4500 | ||
|---|---|---|---|
| 005 | 20230905104728.0 | ||
| 008 | 230904b ||||| |||| 00| 0 eng d | ||
| 050 | _aREF | ||
| 245 |
_aThe law reports index 1971-1976 / _cedited by E. Kofi Tetteh. |
||
| 260 |
_aAccra : _bCouncil for Law Reporting _c1977. |
||
| 505 | _aContents: Cases reported -- Subjected-matter -- Cases judicially considered -- Statutes judicially considered -- Subsidiary legislation judicially considered -- Overseas legislation judicially considered. | ||
| 700 |
_aTetteh, E Kofi. _9877 |
||
| 942 |
_2lcc _cBK |
||
| 999 |
_c10027 _d17527 |
||